| 000 | 00447nam a22001577a 4500 | ||
|---|---|---|---|
| 003 | DO-SdBNP | ||
| 005 | 20220322135135.0 | ||
| 008 | 220322b1984 dr || |||| 00| 0 spa d | ||
| 040 |
_aBPMSU _bspa _cBPMSU |
||
| 082 | _bV443b 1984 | ||
| 100 | 1 |
_aVeloz, Maggiolo Marcio _d1936-2021 |
|
| 245 |
_aLa biografía difusa de sombra casteñeda / _cMarcio Veloz Maggiolo |
||
| 260 |
_aSanto Domingo: _btaller _c1984 |
||
| 300 |
_a214 p; _c22 cm |
||
| 942 |
_2ddc _cBK |
||
| 999 |
_c14101 _d14101 |
||